[Event "Stay Safe Play From Home 378"]
[Site "Emanuel Lasker Arena"]
[Date "2020.08.12"]
[Round "2"]
[White "SelamiSahin"]
[Black "Haris kollari 13"]
[Result "1-0"]
[WhiteElo "2183"]
[BlackElo "1914"]
[Annotator "NA"]
[PlyCount "119"]
[EventDate "2020.08.12"]
[EventType "swiss (blitz)"]

{Yarar, Atakan} 1. d4 {[%emt 0:00:01]} d5 {[%emt 0:00:01]} 2. c4 {[%emt 0:00:01]} e5 {[%emt 0:00:01]} 3. dxe5 {[%emt 0:00:06]} d4 {[%emt 0:00:00]} 4. Nf3 {[%emt 0:00:02]} Nc6 {[%emt 0:00:01]} 5. a3 {[%emt 0:00:04]} Bg4 {[%emt 0:00:01]} 6. Qb3 {[%emt 0:00:04]} Qc8 {[%emt 0:00:15]} 7. Nbd2 {[%emt 0:00:03]} Nge7 {[%emt 0:00:02]} 8. h3 {[%emt 0:00:04]} Be6 {[%emt 0:00:02]} 9. Ne4 {[%emt 0:00:03]} Ng6 {[%emt 0:00:15]} 10. e3 {[%emt 0:00:03]} dxe3 {[%emt 0:00:14]} 11. Bxe3 {[%emt 0:00:00]} Be7 {[%emt 0:00:01]} 12. Be2 {[%emt 0:00:07]} O-O {[%emt 0:00:02]} 13. O-O {[%emt 0:00:02]} Ngxe5 {[%emt 0:00:04]} 14. Nxe5 {[%emt 0:00:05]} Nxe5 {[%emt 0:00:01]} 15. Ng3 {[%emt 0:00:03]} c6 {[%emt 0:00:06]} 16. Rad1 {[%emt 0:00:08]} Re8 {[%emt 0:00:05]} 17. f4 {[%emt 0:00:03]} Nd7 {[%emt 0:00:25]} 18. f5 {[%emt 0:00:02]} Nc5 {[%emt 0:00:01]} 19. Bxc5 {[%emt 0:00:02]} Bxc5+ {[%emt 0:00:02]} 20. Kh1 {[%emt 0:00:22]} Bd7 {[%emt 0:00:01]} 21. Qf3 {[%emt 0:00:41]} Re3 {[%emt 0:00:08]} 22. Qg4 {[%emt 0:00:02]} g6 {[%emt 0:00:01]} 23. b4 {[%emt 0:00:18]} Bf8 {[%emt 0:00:11]} 24. Qf4 {[%emt 0:00:01]} Re7 {[%emt 0:00:16]} 25. Bg4 {[%emt 0:00:08]} Bg7 {[%emt 0:00:16]} 26. f6 {[%emt 0:00:09]} Bxg4 {[%emt 0:00:05]} 27. Qxg4 {[%emt 0:00:00]} Qxg4 {[%emt 0:00:06]} 28. hxg4 {[%emt 0:00:00]} Re3 {[%emt 0:00:02]} 29. Kh2 {[%emt 0:00:05]} Bh6 {[%emt 0:00:05]} 30. Rd7 {[%emt 0:00:10]} Rxa3 {[%emt 0:00:07]} 31. Rxb7 {[%emt 0:00:03]} Rb3 {[%emt 0:00:05]} 32. Ne4 {[%emt 0:00:03]} Re8 {[%emt 0:00:11]} 33. Nd6 {[%emt 0:00:03]} Rf8 {[%emt 0:00:08]} 34. c5 {[%emt 0:00:03]} Be3 {[%emt 0:00:04]} 35. Rf3 {[%emt 0:00:04]} a5 {[%emt 0:00:11]} 36. Re7 {[%emt 0:00:02]} axb4 {[%emt 0:00:20]} 37. Rexe3 {[%emt 0:00:01]} Rb1 {[%emt 0:00:04]} 38. Rb3 {[%emt 0:00:03]} Rxb3 {[%emt 0:00:02]} 39. Rxb3 {[%emt 0:00:01]} Rb8 {[%emt 0:00:01]} 40. g5 {[%emt 0:00:07]} Kf8 {[%emt 0:00:05]} 41. Kg3 {[%emt 0:00:01]} Kg8 {[%emt 0:00:01]} 42. Kf4 {[%emt 0:00:01]} Ra8 {[%emt 0:00:02]} 43. Rxb4 {[%emt 0:00:02]} Rd8 {[%emt 0:00:05]} 44. Rb7 {[%emt 0:00:02]} Rf8 {[%emt 0:00:02]} 45. Re7 {[%emt 0:00:02]} Ra8 {[%emt 0:00:02]} 46. Re8+ {[%emt 0:00:02]} Rxe8 {[%emt 0:00:02]} 47. Nxe8 {[%emt 0:00:00]} Kf8 {[%emt 0:00:00]} 48. Nd6 {[%emt 0:00:04]} Kg8 {[%emt 0:00:02]} 49. Ke5 {[%emt 0:00:01]} Kf8 {[%emt 0:00:01]} 50. g4 {[%emt 0:00:03]} Kg8 {[%emt 0:00:01]} 51. Ne4 {[%emt 0:00:01]} Kf8 {[%emt 0:00:00]} 52. Kd6 {[%emt 0:00:00]} Ke8 {[%emt 0:00:01]} 53. Kxc6 {[%emt 0:00:01]} Kd8 {[%emt 0:00:00]} 54. Kd6 {[%emt 0:00:00]} Kc8 {[%emt 0:00:02]} 55. c6 {[%emt 0:00:00]} Kd8 {[%emt 0:00:01]} 56. Nc3 {[%emt 0:00:02]} Kc8 {[%emt 0:00:01]} 57. Nd5 {[%emt 0:00:00]} Kd8 {[%emt 0:00:01]} 58. c7+ {[%emt 0:00:00]} Kc8 {[%emt 0:00:01]} 59. Ne7+ {[%emt 0:00:00]} Kb7 {[%emt 0:00:00]} 60. c8=Q+ {[%emt 0:00:00] Haris kollari 13 resigns Haris kollari 13 resigns Haris kollari 13 resigns (Lag: Av=0.53s, max=1.1s) (Lag: Av=0.53s, max=1.1s) (Lag: Av=0.53s, max=1.1s)} 1-0

[Event "Stay Safe Play From Home 378"]
[Site "Emanuel Lasker Arena"]
[Date "2020.08.12"]
[Round "2"]
[White "MihailoVujic"]
[Black "CabianoFaruana"]
[Result "0-1"]
[WhiteElo "2174"]
[BlackElo "1620"]
[PlyCount "152"]
[EventDate "2020.08.12"]
[EventType "swiss (blitz)"]

1. e4 {[%emt 0:00:02]} e5 {[%emt 0:00:01]} 2. Nf3 {[%emt 0:00:01]} Nc6 {[%emt 0:00:01]} 3. d4 {[%emt 0:00:00]} exd4 {[%emt 0:00:01]} 4. Nxd4 {[%emt 0:00:00]} Bc5 {[%emt 0:00:01]} 5. Nxc6 {[%emt 0:00:00]} bxc6 {[%emt 0:00:00]} 6. Bc4 {[%emt 0:00:02]} Nf6 {[%emt 0:00:03]} 7. e5 {[%emt 0:00:03]} Ne4 {[%emt 0:00:02]} 8. Bxf7+ {[%emt 0:00:07]} Kxf7 {[%emt 0:00:04]} 9. Qf3+ {[%emt 0:00:02]} Nf6 {[%emt 0:00:01]} 10. exf6 {[%emt 0:00:01]} Qxf6 {[%emt 0:00:00]} 11. Qb3+ {[%emt 0:00:17]} d5 {[%emt 0:00:02]} 12. O-O {[%emt 0:00:02]} Ba6 {[%emt 0:00:02]} 13. Be3 {[%emt 0:00:33]} Bxe3 {[%emt 0:00:11]} 14. Qxe3 {[%emt 0:00:02]} Bxf1 {[%emt 0:00:00]} 15. Kxf1 {[%emt 0:00:01]} Qxb2 {[%emt 0:00:01]} 16. Qf4+ {[%emt 0:00:37]} Kg8 {[%emt 0:00:13]} 17. Qf5 {[%emt 0:00:19]} Qxa1 {[%emt 0:00:37] MihailoVujic offers a draw MihailoVujic offers a draw MihailoVujic offers a draw} 18. Qe6+ {[%emt 0:00:01]} Kf8 {[%emt 0:00:01]} 19. Qf5+ {[%emt 0:00:06]} Ke7 {[%emt 0:00:01]} 20. Qg5+ {[%emt 0:00:05]} Qf6 {[%emt 0:00:01]} 21. Qe3+ {[%emt 0:00:01]} Qe6 {[%emt 0:00:01]} 22. Qc5+ {[%emt 0:00:01]} Qd6 {[%emt 0:00:01]} 23. Qe3+ {[%emt 0:00:01]} Kd7 {[%emt 0:00:00]} 24. Nd2 {[%emt 0:00:01]} Rae8 {[%emt 0:00:03]} 25. Qc3 {[%emt 0:00:00]} Qf6 {[%emt 0:00:02]} 26. Qb4 {[%emt 0:00:02]} Qa1+ {[%emt 0:00:01]} 27. Nb1 {[%emt 0:00:04]} Rb8 {[%emt 0:00:00]} 28. Qg4+ {[%emt 0:00:02]} Kd6 {[%emt 0:00:04]} 29. Qg3+ {[%emt 0:00:04]} Qe5 {[%emt 0:00:01]} 30. Qa3+ {[%emt 0:00:01]} Kd7 {[%emt 0:00:08]} 31. Qh3+ {[%emt 0:00:02]} Qe6 {[%emt 0:00:01]} 32. Qb3 {[%emt 0:00:06]} Rxb3 {[%emt 0:00:01]} 33. axb3 {[%emt 0:00:01]} Qe4 {[%emt 0:00:01]} 34. Nd2 {[%emt 0:00:02]} Qxc2 {[%emt 0:00:01]} 35. Nf3 {[%emt 0:00:01]} Re8 {[%emt 0:00:01]} 36. g3 {[%emt 0:00:01]} Re2 {[%emt 0:00:03]} 37. Kg2 {[%emt 0:00:04]} Rxf2+ {[%emt 0:00:01]} 38. Kh3 {[%emt 0:00:01]} Rxf3 {[%emt 0:00:00]} 39. Kg4 {[%emt 0:00:01]} Rf6 {[%emt 0:00:02]} 40. h4 {[%emt 0:00:01]} Qc3 {[%emt 0:00:01]} 41. h5 {[%emt 0:00:01]} Qxb3 {[%emt 0:00:00]} 42. h6 {[%emt 0:00:01]} Rxh6 {[%emt 0:00:01]} 43. Kf4 {[%emt 0:00:02]} Rf6+ {[%emt 0:00:00]} 44. Kg4 {[%emt 0:00:01]} Qc4+ {[%emt 0:00:00]} 45. Kh5 {[%emt 0:00:01]} Rh6+ {[%emt 0:00:05]} 46. Kg5 {[%emt 0:00:01]} Qc5 {[%emt 0:00:01]} 47. g4 {[%emt 0:00:01]} Qd6 {[%emt 0:00:01]} 48. Kf5 {[%emt 0:00:02]} Rf6+ {[%emt 0:00:03]} 49. Kg5 {[%emt 0:00:01]} Qe5+ {[%emt 0:00:00]} 50. Kh4 {[%emt 0:00:01]} Rg6 {[%emt 0:00:01]} 51. g5 {[%emt 0:00:02]} Qxg5+ {[%emt 0:00:01]} 52. Kh3 {[%emt 0:00:01]} Qg4+ {[%emt 0:00:00]} 53. Kh2 {[%emt 0:00:01]} Rf6 {[%emt 0:00:01]} 54. Kh1 {[%emt 0:00:01]} d4 {[%emt 0:00:00]} 55. Kh2 {[%emt 0:00:01]} c5 {[%emt 0:00:01]} 56. Kh1 {[%emt 0:00:00]} Rg6 {[%emt 0:00:01]} 57. Kh2 {[%emt 0:00:01]} c4 {[%emt 0:00:00]} 58. Kh1 {[%emt 0:00:01]} d3 {[%emt 0:00:00]} 59. Kh2 {[%emt 0:00:00]} c3 {[%emt 0:00:00]} 60. Kh1 {[%emt 0:00:00]} d2 {[%emt 0:00:00]} 61. Kh2 {[%emt 0:00:00]} c2 {[%emt 0:00:00]} 62. Kh1 {[%emt 0:00:01]} c5 {[%emt 0:00:00]} 63. Kh2 {[%emt 0:00:00]} c4 {[%emt 0:00:00]} 64. Kh1 {[%emt 0:00:00]} c3 {[%emt 0:00:00]} 65. Kh2 {[%emt 0:00:00]} a6 {[%emt 0:00:00]} 66. Kh1 {[%emt 0:00:00]} a5 {[%emt 0:00:00]} 67. Kh2 {[%emt 0:00:00]} a4 {[%emt 0:00:00]} 68. Kh1 {[%emt 0:00:01]} a3 {[%emt 0:00:00]} 69. Kh2 {[%emt 0:00:00]} a2 {[%emt 0:00:00]} 70. Kh1 {[%emt 0:00:01]} Ke6 {[%emt 0:00:00]} 71. Kh2 {[%emt 0:00:00]} Kd5 {[%emt 0:00:00]} 72. Kh1 {[%emt 0:00:01]} Ke4 {[%emt 0:00:00]} 73. Kh2 {[%emt 0:00:00]} Kd3 {[%emt 0:00:00]} 74. Kh1 {[%emt 0:00:01]} Ke2 {[%emt 0:00:01]} 75. Kh2 {[%emt 0:00:00]} Kf2 {[%emt 0:00:00]} 76. Kh1 {[%emt 0:00:01]} Rh6# {[%emt 0:00:00] (Lag: Av=0.69s, max=1.0s) (Lag: Av=0.69s, max=1.0s) (Lag: Av=0.69s, max=1.0s)} 0-1

[Event "Stay Safe Play From Home 378"]
[Site "Emanuel Lasker Arena"]
[Date "2020.08.12"]
[Round "2"]
[White "Lazieri3"]
[Black "buzaglo"]
[Result "0-1"]
[WhiteElo "1964"]
[BlackElo "1726"]
[PlyCount "144"]
[EventDate "2020.08.12"]
[EventType "swiss (blitz)"]

1. e4 {[%emt 0:00:03]} e5 {[%emt 0:00:01]} 2. f4 {[%emt 0:00:03]} d6 {[%emt 0:00:01]} 3. fxe5 {[%emt 0:00:02]} dxe5 {[%emt 0:00:00]} 4. Nf3 {[%emt 0:00:00]} Nc6 {[%emt 0:00:01]} 5. Bc4 {[%emt 0:00:00]} Be7 {[%emt 0:00:01]} 6. d3 {[%emt 0:00:01]} Nf6 {[%emt 0:00:01]} 7. O-O {[%emt 0:00:00]} O-O {[%emt 0:00:01]} 8. Be3 {[%emt 0:00:02]} Bg4 {[%emt 0:00:02]} 9. h3 {[%emt 0:00:01]} Bh5 {[%emt 0:00:01]} 10. Nc3 {[%emt 0:00:02]} Nd4 {[%emt 0:00:04]} 11. Bxd4 {[%emt 0:00:06]} exd4 {[%emt 0:00:00]} 12. Nd5 {[%emt 0:00:01]} Nxd5 {[%emt 0:00:07]} 13. Bxd5 {[%emt 0:00:00]} c6 {[%emt 0:00:05]} 14. Bb3 {[%emt 0:00:07]} c5 {[%emt 0:00:04]} 15. Qd2 {[%emt 0:01:07]} Bxf3 {[%emt 0:00:05]} 16. Rxf3 {[%emt 0:00:00]} a5 {[%emt 0:00:09]} 17. a4 {[%emt 0:00:28]} Bf6 {[%emt 0:00:24]} 18. Raf1 {[%emt 0:00:03]} Kh8 {[%emt 0:00:05]} 19. Rf5 {[%emt 0:00:24]} Qd6 {[%emt 0:00:16]} 20. Rd5 {[%emt 0:00:25]} Qc6 {[%emt 0:00:13]} 21. Qf4 {[%emt 0:00:09]} Rad8 {[%emt 0:00:15]} 22. Rxd8 {[%emt 0:00:02]} Rxd8 {[%emt 0:00:01]} 23. Bxf7 {[%emt 0:00:01]} Qd6 {[%emt 0:00:13]} 24. Qf5 {[%emt 0:00:15]} Qe5 {[%emt 0:00:08]} 25. Qxe5 {[%emt 0:00:03]} Bxe5 {[%emt 0:00:00]} 26. Bd5 {[%emt 0:00:01]} b6 {[%emt 0:00:04]} 27. Rf7 {[%emt 0:00:01]} Rb8 {[%emt 0:00:13]} 28. Bc4 {[%emt 0:00:08]} h6 {[%emt 0:00:03]} 29. Kf2 {[%emt 0:00:01]} Kh7 {[%emt 0:00:03]} 30. Be6 {[%emt 0:00:03]} Kg6 {[%emt 0:00:02]} 31. Re7 {[%emt 0:00:05]} Kf6 {[%emt 0:00:13]} 32. Rd7 {[%emt 0:00:17]} Kxe6 {[%emt 0:00:02]} 33. Ra7 {[%emt 0:00:03]} Rc8 {[%emt 0:00:17]} 34. b3 {[%emt 0:00:04]} Bc7 {[%emt 0:00:01]} 35. Kf3 {[%emt 0:00:07]} Kd6 {[%emt 0:00:01]} 36. Kg4 {[%emt 0:00:05]} Kc6 {[%emt 0:00:02]} 37. Kf5 {[%emt 0:00:06]} b5 {[%emt 0:00:09]} 38. axb5+ {[%emt 0:00:03]} Kxb5 {[%emt 0:00:00]} 39. b4 {[%emt 0:00:06]} cxb4 {[%emt 0:00:02]} 40. Ke6 {[%emt 0:00:02]} Kb6 {[%emt 0:00:01]} 41. Kd7 {[%emt 0:00:01]} Kxa7 {[%emt 0:00:03]} 42. Kxc8 {[%emt 0:00:01]} Be5 {[%emt 0:00:01]} 43. Kd7 {[%emt 0:00:02]} Kb6 {[%emt 0:00:01]} 44. Ke6 {[%emt 0:00:01]} a4 {[%emt 0:00:05]} 45. Kxe5 {[%emt 0:00:02]} a3 {[%emt 0:00:01]} 46. Kd6 {[%emt 0:00:01]} a2 {[%emt 0:00:01]} 47. e5 {[%emt 0:00:00]} a1=Q {[%emt 0:00:00]} 48. e6 {[%emt 0:00:00]} Qe1 {[%emt 0:00:01]} 49. e7 {[%emt 0:00:01]} Qg3+ {[%emt 0:00:01]} 50. Kd7 {[%emt 0:00:01]} Qxg2 {[%emt 0:00:07]} 51. e8=Q {[%emt 0:00:04]} Qc6+ {[%emt 0:00:01]} 52. Ke7 {[%emt 0:00:00]} Qxc2 {[%emt 0:00:06]} 53. Qb8+ {[%emt 0:00:02]} Ka5 {[%emt 0:00:04]} 54. Kf7 {[%emt 0:00:00]} Qxd3 {[%emt 0:00:02]} 55. Qa7+ {[%emt 0:00:01]} Qa6 {[%emt 0:00:01]} 56. Kxg7 {[%emt 0:00:00]} Qxa7+ {[%emt 0:00:01]} 57. Kxh6 {[%emt 0:00:00]} Qb6+ {[%emt 0:00:03]} 58. Kg5 {[%emt 0:00:04]} Qd8+ {[%emt 0:00:02]} 59. Kg6 {[%emt 0:00:01]} Qh8 {[%emt 0:00:01]} 60. h4 {[%emt 0:00:00]} Qxh4 {[%emt 0:00:01]} 61. Kf5 {[%emt 0:00:00]} d3 {[%emt 0:00:02]} 62. Ke6 {[%emt 0:00:00]} d2 {[%emt 0:00:01]} 63. Kf5 {[%emt 0:00:00]} d1=Q {[%emt 0:00:01]} 64. Kg6 {[%emt 0:00:00]} Qdh5+ {[%emt 0:00:01]} 65. Kg7 {[%emt 0:00:01]} Q4g4+ {[%emt 0:00:01]} 66. Kf8 {[%emt 0:00:00]} Qhf5+ {[%emt 0:00:00]} 67. Ke7 {[%emt 0:00:00]} Qge4+ {[%emt 0:00:01]} 68. Kd8 {[%emt 0:00:00]} Qfd5+ {[%emt 0:00:02]} 69. Kc7 {[%emt 0:00:00]} Qec4+ {[%emt 0:00:01]} 70. Kb8 {[%emt 0:00:00]} Qdb5+ {[%emt 0:00:03]} 71. Ka8 {[%emt 0:00:00]} Qc8+ {[%emt 0:00:01]} 72. Ka7 {[%emt 0:00:00]} Qbb7# {[%emt 0:00:01] (Lag: Av=0.64s, max=1.0s) (Lag: Av=0.64s, max=1.0s) (Lag: Av=0.64s, max=1.0s)} 0-1

[Event "Stay Safe Play From Home 378"]
[Site "Emanuel Lasker Arena"]
[Date "2020.08.12"]
[Round "2"]
[White "Erdema"]
[Black "Dukic"]
[Result "1-0"]
[WhiteElo "1667"]
[BlackElo "1773"]
[Annotator "NA"]
[PlyCount "85"]
[EventDate "2020.08.12"]
[EventType "swiss (blitz)"]

1. e4 {[%emt 0:00:02]} c6 {[%emt 0:00:02]} 2. d4 {[%emt 0:00:02]} d6 {[%emt 0:00:01]} 3. h3 {[%emt 0:00:02]} Nd7 {[%emt 0:00:01]} 4. Nf3 {[%emt 0:00:02]} e5 {[%emt 0:00:00]} 5. dxe5 {[%emt 0:00:02]} dxe5 {[%emt 0:00:05]} 6. Bc4 {[%emt 0:00:02]} Be7 {[%emt 0:00:03]} 7. O-O {[%emt 0:00:03]} Ngf6 {[%emt 0:00:01]} 8. Ng5 {[%emt 0:00:02]} O-O {[%emt 0:00:02]} 9. Nc3 {[%emt 0:00:02]} b5 {[%emt 0:00:02]} 10. Bb3 {[%emt 0:00:03]} Qc7 {[%emt 0:00:05]} 11. a3 {[%emt 0:00:03]} a5 {[%emt 0:00:05]} 12. Qe2 {[%emt 0:00:06]} Ba6 {[%emt 0:00:03]} 13. Nd1 {[%emt 0:00:30]} h6 {[%emt 0:00:08]} 14. Nf3 {[%emt 0:00:03]} Nc5 {[%emt 0:00:02]} 15. Ba2 {[%emt 0:00:22]} Ncxe4 {[%emt 0:00:23]} 16. c4 {[%emt 0:00:04]} b4 {[%emt 0:00:08]} 17. Bb1 {[%emt 0:00:08]} Nc5 {[%emt 0:00:10]} 18. Bc2 {[%emt 0:00:38]} e4 {[%emt 0:00:18]} 19. Nd4 {[%emt 0:00:05]} Rfe8 {[%emt 0:00:18]} 20. axb4 {[%emt 0:00:03]} axb4 {[%emt 0:00:02]} 21. Be3 {[%emt 0:00:06]} Qe5 {[%emt 0:00:10]} 22. Nxc6 {[%emt 0:00:12]} Qe6 {[%emt 0:00:04]} 23. Nxe7+ {[%emt 0:00:04]} Qxe7 {[%emt 0:00:01]} 24. Bxc5 {[%emt 0:00:22]} Qxc5 {[%emt 0:00:03]} 25. Ne3 {[%emt 0:00:01]} Bb7 {[%emt 0:00:32]} 26. b3 {[%emt 0:00:06]} Qe5 {[%emt 0:00:06]} 27. Rxa8 {[%emt 0:00:06]} Rxa8 {[%emt 0:00:02]} 28. Qd2 {[%emt 0:00:12]} Qc5 {[%emt 0:00:22]} 29. Rb1 {[%emt 0:00:15]} Bc6 {[%emt 0:00:09]} 30. Qc1 {[%emt 0:00:05]} Nd7 {[%emt 0:00:12]} 31. Ra1 {[%emt 0:00:02]} Re8 {[%emt 0:00:06]} 32. Qd2 {[%emt 0:00:06]} f5 {[%emt 0:00:06]} 33. Nd5 {[%emt 0:00:04]} Bxd5 {[%emt 0:00:13]} 34. Qxd5+ {[%emt 0:00:02]} Qxd5 {[%emt 0:00:01]} 35. cxd5 {[%emt 0:00:01]} Rc8 {[%emt 0:00:15]} 36. Bd1 {[%emt 0:00:02]} Nf6 {[%emt 0:00:02]} 37. Be2 {[%emt 0:00:03]} Kf7 {[%emt 0:00:15]} 38. Bc4 {[%emt 0:00:02]} Ke7 {[%emt 0:00:02]} 39. Ra7+ {[%emt 0:00:03]} Kd6 {[%emt 0:00:05]} 40. Rxg7 {[%emt 0:00:03]} Nxd5 {[%emt 0:00:08]} 41. Rg6+ {[%emt 0:00:02]} Ke5 {[%emt 0:00:01]} 42. Rxh6 {[%emt 0:00:03]} Nf4 {[%emt 0:00:02]} 43. g3 {[%emt 0:00:04] Zeit Zeit Zeit (Lag: Av=0.61s, max=1.1s) (Lag: Av=0.61s, max=1.1s) (Lag: Av=0.61s, max=1.1s)} 1-0

[Event "Stay Safe Play From Home 378"]
[Site "Emanuel Lasker Arena"]
[Date "2020.08.12"]
[Round "2"]
[White "Klasman"]
[Black "Greblah"]
[Result "0-1"]
[WhiteElo "1574"]
[BlackElo "1937"]
[PlyCount "50"]
[EventDate "2020.08.12"]
[EventType "swiss (blitz)"]

1. f4 {[%emt 0:00:04]} c6 {[%emt 0:00:00]} 2. c4 {[%emt 0:00:02]} d5 {[%emt 0:00:00]} 3. cxd5 {[%emt 0:00:01]} cxd5 {[%emt 0:00:01]} 4. d4 {[%emt 0:00:01]} Nc6 {[%emt 0:00:01]} 5. e3 {[%emt 0:00:01]} Nf6 {[%emt 0:00:01]} 6. Bb5 {[%emt 0:00:01]} Ne4 {[%emt 0:00:02]} 7. Nf3 {[%emt 0:00:04]} e6 {[%emt 0:00:05]} 8. Qa4 {[%emt 0:00:15]} Bd7 {[%emt 0:00:07]} 9. Nc3 {[%emt 0:00:07]} Nxc3 {[%emt 0:00:10]} 10. bxc3 {[%emt 0:00:02]} Qa5 {[%emt 0:00:03]} 11. Bxc6 {[%emt 0:00:10]} Qxc3+ {[%emt 0:00:02]} 12. Kf2 {[%emt 0:00:20]} Qxc6 {[%emt 0:00:07]} 13. Qxc6 {[%emt 0:00:02]} Bxc6 {[%emt 0:00:02]} 14. Ne5 {[%emt 0:00:01]} f6 {[%emt 0:00:04]} 15. Nd3 {[%emt 0:00:05]} Kd7 {[%emt 0:00:07]} 16. Bd2 {[%emt 0:00:03]} Bd6 {[%emt 0:00:02]} 17. Rhc1 {[%emt 0:00:03]} Rhc8 {[%emt 0:00:01]} 18. Rab1 {[%emt 0:00:02]} b6 {[%emt 0:00:09]} 19. Nb4 {[%emt 0:00:11]} Ba4 {[%emt 0:00:16]} 20. g4 {[%emt 0:00:22]} a5 {[%emt 0:00:42]} 21. Rxc8 {[%emt 0:00:31]} Rxc8 {[%emt 0:00:03]} 22. Na6 {[%emt 0:00:16]} Rc2 {[%emt 0:00:18]} 23. Ke1 {[%emt 0:00:12]} Kc6 {[%emt 0:00:10]} 24. Rc1 {[%emt 0:00:21]} Rxc1+ {[%emt 0:00:06]} 25. Bxc1 {[%emt 0:00:03]} Bb5 {[%emt 0:00:01] Klasman resigns Klasman resigns Klasman resigns (Lag: Av=0.43s, max=0.9s) (Lag: Av=0.43s, max=0.9s) (Lag: Av=0.43s, max=0.9s)} 0-1

[Event "Stay Safe Play From Home 378"]
[Site "Emanuel Lasker Arena"]
[Date "2020.08.12"]
[Round "2"]
[White "Dreamsoldier"]
[Black "Hickey"]
[Result "0-1"]
[WhiteElo "1530"]
[BlackElo "2036"]
[PlyCount "30"]
[EventDate "2020.08.12"]
[EventType "swiss (blitz)"]

1. e4 {[%emt 0:00:30]} c6 {[%emt 0:00:03]} 2. Nf3 {[%emt 0:00:01]} d5 {[%emt 0:00:00]} 3. exd5 {[%emt 0:00:01]} cxd5 {[%emt 0:00:01]} 4. d4 {[%emt 0:00:00]} Nf6 {[%emt 0:00:01]} 5. Be3 {[%emt 0:00:00]} g6 {[%emt 0:00:04]} 6. Bb5+ {[%emt 0:00:00]} Bd7 {[%emt 0:00:02]} 7. Bxd7+ {[%emt 0:00:04]} Nbxd7 {[%emt 0:00:00]} 8. O-O {[%emt 0:00:01]} Bg7 {[%emt 0:00:01]} 9. Nbd2 {[%emt 0:00:01]} O-O {[%emt 0:00:01]} 10. c3 {[%emt 0:00:01]} Re8 {[%emt 0:00:07]} 11. Ne5 {[%emt 0:00:02]} Nxe5 {[%emt 0:00:03]} 12. dxe5 {[%emt 0:00:00]} Nd7 {[%emt 0:00:01]} 13. Nf3 {[%emt 0:00:03]} Nxe5 {[%emt 0:00:02]} 14. Nxe5 {[%emt 0:00:01]} Bxe5 {[%emt 0:00:00]} 15. Bd4 {[%emt 0:00:00] Dreamsoldier terk eder Dreamsoldier terk eder Dreamsoldier terk eder} Bxd4 {[%emt 0:00:06]} 0-1

[Event "Stay Safe Play From Home 378"]
[Site "Emanuel Lasker Arena"]
[Date "2020.08.12"]
[Round "2"]
[White "W Nelles"]
[Black "Padmaesh M K"]
[Result "1-0"]
[WhiteElo "1410"]
[BlackElo "1886"]
[Annotator "NA"]
[PlyCount "150"]
[EventDate "2020.08.12"]
[EventType "swiss (blitz)"]

1. e4 {[%emt 0:00:02]} c5 {[%emt 0:00:03]} 2. Nf3 {[%emt 0:00:01]} Nc6 {[%emt 0:00:01]} 3. Bc4 {[%emt 0:00:01]} e6 {[%emt 0:00:01]} 4. O-O {[%emt 0:00:01]} Nge7 {[%emt 0:00:01]} 5. Nc3 {[%emt 0:00:01]} d5 {[%emt 0:00:01]} 6. exd5 {[%emt 0:00:02]} Nxd5 {[%emt 0:00:01]} 7. Bxd5 {[%emt 0:00:02]} exd5 {[%emt 0:00:00]} 8. Re1+ {[%emt 0:00:01]} Be7 {[%emt 0:00:02]} 9. d3 {[%emt 0:00:03]} O-O {[%emt 0:00:03]} 10. Ne5 {[%emt 0:00:04]} Bd6 {[%emt 0:00:06]} 11. Nxc6 {[%emt 0:00:02]} bxc6 {[%emt 0:00:01]} 12. Qh5 {[%emt 0:00:05]} Qf6 {[%emt 0:00:11]} 13. Bg5 {[%emt 0:00:03]} Qg6 {[%emt 0:00:02]} 14. Qxg6 {[%emt 0:00:02]} hxg6 {[%emt 0:00:00]} 15. Be7 {[%emt 0:00:04]} Bxe7 {[%emt 0:00:04]} 16. Rxe7 {[%emt 0:00:03]} Be6 {[%emt 0:00:00]} 17. Re1 {[%emt 0:00:07]} Rfe8 {[%emt 0:00:01]} 18. Rc7 {[%emt 0:00:02]} Rec8 {[%emt 0:00:01]} 19. Rxc8+ {[%emt 0:00:05]} Rxc8 {[%emt 0:00:00]} 20. Na4 {[%emt 0:00:01]} Rb8 {[%emt 0:00:06]} 21. Nxc5 {[%emt 0:00:02]} Rxb2 {[%emt 0:00:02]} 22. Nxe6 {[%emt 0:00:01]} fxe6 {[%emt 0:00:02]} 23. h3 {[%emt 0:00:01]} Kf7 {[%emt 0:00:02]} 24. Rc1 {[%emt 0:00:03]} Rxa2 {[%emt 0:00:01]} 25. c4 {[%emt 0:00:01]} d4 {[%emt 0:00:02]} 26. Rb1 {[%emt 0:00:03]} Rd2 {[%emt 0:00:03]} 27. Rb7+ {[%emt 0:00:02]} Kf6 {[%emt 0:00:01]} 28. Rxa7 {[%emt 0:00:01]} Rxd3 {[%emt 0:00:01]} 29. Rc7 {[%emt 0:00:02]} Rd1+ {[%emt 0:00:01]} 30. Kh2 {[%emt 0:00:02]} d3 {[%emt 0:00:00]} 31. Rxc6 {[%emt 0:00:01]} d2 {[%emt 0:00:00]} 32. Rd6 {[%emt 0:00:07]} Ke5 {[%emt 0:00:01]} 33. c5 {[%emt 0:00:05]} g5 {[%emt 0:00:01]} 34. Kg3 {[%emt 0:00:02]} g6 {[%emt 0:00:03]} 35. Rd8 {[%emt 0:00:01]} Kf6 {[%emt 0:00:02]} 36. c6 {[%emt 0:00:01]} Rc1 {[%emt 0:00:06]} 37. Rxd2 {[%emt 0:00:03]} Rxc6 {[%emt 0:00:01]} 38. f3 {[%emt 0:00:01]} Rc3 {[%emt 0:00:02]} 39. Rd8 {[%emt 0:00:02]} Rc4 {[%emt 0:00:01]} 40. Kf2 {[%emt 0:00:03]} Rc2+ {[%emt 0:00:04]} 41. Kg3 {[%emt 0:00:03]} Ke7 {[%emt 0:00:01]} 42. Rg8 {[%emt 0:00:03]} Kf7 {[%emt 0:00:01]} 43. Ra8 {[%emt 0:00:01]} Kf6 {[%emt 0:00:02]} 44. Ra6 {[%emt 0:00:02]} Kf5 {[%emt 0:00:01]} 45. Ra8 {[%emt 0:00:03]} Kf6 {[%emt 0:00:01]} 46. Rf8+ {[%emt 0:00:01]} Kg7 {[%emt 0:00:02]} 47. Re8 {[%emt 0:00:01]} Kf7 {[%emt 0:00:01]} 48. Rd8 {[%emt 0:00:02]} e5 {[%emt 0:00:04]} 49. Rd7+ {[%emt 0:00:02]} Ke6 {[%emt 0:00:03]} 50. Ra7 {[%emt 0:00:01]} Re2 {[%emt 0:00:02]} 51. Ra6+ {[%emt 0:00:02]} Kf5 {[%emt 0:00:02]} 52. Ra8 {[%emt 0:00:02]} Kf6 {[%emt 0:00:05]} 53. Rf8+ {[%emt 0:00:03]} Ke7 {[%emt 0:00:02]} 54. Ra8 {[%emt 0:00:02]} Kf7 {[%emt 0:00:06]} 55. Ra6 {[%emt 0:00:01]} Rd2 {[%emt 0:00:04]} 56. Rb6 {[%emt 0:00:03]} Rd3 {[%emt 0:00:02]} 57. Rc6 {[%emt 0:00:02]} e4 {[%emt 0:00:02]} 58. Kf2 {[%emt 0:00:01]} exf3 {[%emt 0:00:03]} 59. gxf3 {[%emt 0:00:02]} Ra3 {[%emt 0:00:03]} 60. Kg3 {[%emt 0:00:02]} Ra4 {[%emt 0:00:01]} 61. Rb6 {[%emt 0:00:04]} Rf4 {[%emt 0:00:03]} 62. Rb7+ {[%emt 0:00:03]} Kf6 {[%emt 0:00:02]} 63. Rb8 {[%emt 0:00:02]} Rf5 {[%emt 0:00:06]} 64. Kg4 {[%emt 0:00:04]} Rf4+ {[%emt 0:00:05]} 65. Kg3 {[%emt 0:00:01]} Ke5 {[%emt 0:00:04]} 66. Re8+ {[%emt 0:00:03]} Kd4 {[%emt 0:00:02]} 67. Re4+ {[%emt 0:00:05]} Rxe4 {[%emt 0:00:05]} 68. fxe4 {[%emt 0:00:01]} Kxe4 {[%emt 0:00:00]} 69. Kg4 {[%emt 0:00:01]} Ke5 {[%emt 0:00:03]} 70. Kxg5 {[%emt 0:00:01]} Ke6 {[%emt 0:00:01]} 71. Kxg6 {[%emt 0:00:01]} Ke7 {[%emt 0:00:01]} 72. Kg7 {[%emt 0:00:02]} Ke6 {[%emt 0:00:01]} 73. h4 {[%emt 0:00:01]} Kf5 {[%emt 0:00:01]} 74. h5 {[%emt 0:00:01]} Kg5 {[%emt 0:00:00]} 75. h6 {[%emt 0:00:01]} Kh5 {[%emt 0:00:00] Padmaesh M K resigns Padmaesh M K resigns Padmaesh M K resigns (Lag: Av=0.57s, max=1.0s) (Lag: Av=0.57s, max=1.0s) (Lag: Av=0.57s, max=1.0s)} 1-0